00273 a2200109 4500001000700000020000600007040001100013100001500024240006000039245005500099362000900154158910 a  cMagnum aTia Regina10aHistorias e lendas do brasil v.5/contos sertanejoslpor10aHistorias e lendas do brasil v.5/contos sertanejos0 a1899